Delivering the goods (Бичлэгийн дугаар. 145989)
| 000 -УДИРДЛАГА | |
|---|---|
| Удирдлага | 01186nam a22002537a 4500 |
| 003 - ХЯНАЛТЫН ТОО ТОДОРХОЙЛОГЧ | |
| Код | MN-UlNUM |
| 005 - БИЧИЛТ ХИЙСЭН ОГНОО | |
| Тухайн бичилтийг бичсэн засварласан сүүлийн огноо | 20251219155633.0 |
| 008 - ЕРӨНХИЙ МЭДЭЭЛЭЛ | |
| Ерөнхий мэдээлэл | 251219s2002 nju b 001 0 eng |
| 020 ## - ISBN | |
| ISBN | 0471211141 |
| -- | 0471211143 |
| 040 ## - БИЧЛЭГ ҮҮСГЭГЧ БАЙГУУЛЛАГА | |
| Бичлэг үүсгэгч номын сангийн код | МУИС-ийн номын сан |
| 084 ## - ББК АНГИЛАЛ | |
| Нэмэлт тусгалт | Нэг сэдэвт бүтээл |
| ББК ангилал | 65.290-2 |
| Зохиогчийн гурван тэмдэгт | S 31 |
| Мэдлэгийн ялгаа | 65 - Эдийн засаг |
| 100 ## - ЗОХИОГЧ | |
| Зохиогчийн нэр | Schechter, Damon |
| 245 ## - ҮНДСЭН ГАРЧИГ | |
| Номын нэр | Delivering the goods |
| Бага гарчгийн мэдээ | The art of managing your supply chain |
| 260 ## - ГАРАЛТЫН МЭДЭЭ | |
| Хэвлэгдсэн газар | Hoboken, N.J |
| Хэвлэлийн газар | J. Wiley & Sons |
| Хэвлэгдсэн он | 2002 |
| 300 ## - МАТЕРИАЛЫН ТОДОРХОЙЛОЛТ | |
| хуудасны тоо | xiii, 254 p. ; |
| Хэмжээ | 24 cm |
| 500 ## - Тайлбар | |
| Дансны дугаар | БС 4393 |
| 505 ## - Агуулгын тэмдэглэгээ | |
| Агуулгын тэмдэглэгээ | We often think of great battles as having been won by superior strategy, bravery, or weaponry. Often, however, the greatest battles are decided by a much more mundane factor: logistics. Delivering the Goods looks at business logistics through the history of successful military logistical operations undertaken by leaders from Alexander the Great to General Norman Schwarzkopf, and offers practical guidance on applying proven logistical principles to your business. |
| 546 ## - ХЭЛНИЙ ТУХАЙ МЭДЭЭ | |
| Хэл | Англи хэл дээр, |
| 653 ## - Түлхүүр үг | |
| Түлхүүр үг | business logistics |
| 700 ## - ХАМ ЗОХИОГЧИД | |
| Ба бус | Sander, Gordon F |
| 942 ## - ЭЛЕМЕНТИЙН ТӨРӨЛ | |
| Зүйлийн төрөл | Ном |
